Памятник природы "Лагерный сад" - уникальный геологический объект; Проблемы геологии и освоения недр

Bibliografiske detaljer
Parent link:Проблемы геологии и освоения недр.— 2005.— [С. 38-40]
Hovedforfatter: Иванова А. П.
Andre forfattere: Гудымович С. С. (научный руководитель)
Summary:Заглавие с титульного листа
Электронная версия печатной публикации
Sprog:russisk
Udgivet: 2005
Fag:
Online adgang:http://www.lib.tpu.ru/fulltext/v/Conferences/2005/K01/006.pdf
Format: MixedMaterials Electronisk Book Chapter
KOHA link:https://koha.lib.tpu.ru/cgi-bin/koha/opac-detail.pl?biblionumber=123481

MARC

LEADER 00000naa2a2200000 4500
001 123481
005 20251202143800.0
035 |a (RuTPU)RU\TPU\book\133659 
090 |a 123481 
100 |a 20071017d2005 k y0rusy50 ca 
101 0 |a rus 
102 |a RU 
135 |a drnn ---uucaa 
200 1 |a Памятник природы "Лагерный сад" - уникальный геологический объект   |d Электронный ресурс  |f А. П. Иванова  |g науч. рук. С. С. Гудымович 
215 |a 1 файл ( 504 Кб) 
300 |a Заглавие с титульного листа 
300 |a Электронная версия печатной публикации 
337 |a Adobe Reader 
463 0 |0 (RuTPU)RU\TPU\book\111467  |y 5-89503-079-3  |t Проблемы геологии и освоения недр  |o труды Девятого международного симпозиума им. М. А. Усова, 2005 г. Томск  |f Томский политехнический университет; Проблемы геологии и освоения недр; под ред. Г. М. Ивановой, А. В. Шадриной  |v [С. 38-40]  |d 2005 
610 1 |a Лагерный сад 
610 1 |a памятники природы 
610 1 |a геологические объекты 
610 1 |a Томь 
610 1 |a реки 
610 1 |a электронный ресурс 
610 1 |a труды учёных ТПУ 
700 1 |a Иванова  |b А. П. 
702 1 |a Гудымович  |b С. С.  |4 727 
801 1 |a RU  |b 63413507  |c 20071017  |g PSBO 
801 2 |a RU  |b 63413507  |c 20130719  |g PSBO 
856 4 |u http://www.lib.tpu.ru/fulltext/v/Conferences/2005/K01/006.pdf 
942 |c CF